000 00932nam0a22002891 4500
001 v19\rc\1935554
005 20251118180753.6
035 _a(NLR Aleph) 005019958
090 _a6578430
_c6578430
100 _a20080404d1912 u y0rusy50 ca
101 0 _arus
102 _aRU
105 _ay z |||||
200 1 _aОпыт доказательства "великой теоремы" Ферма
_f[Соч.] Е. Степанова
210 _aСанкт-Петербург
_cТипо-лит. М.П. Фроловой
_d1912
215 _a7 с.
_d24
532 1 3 _aОпыт доказательства великой теоремы Ферма
700 1 _aСтепанов
_bЕ.
801 0 _aRU
_bNLR
_gpsbo
801 0 _aRU
_bRuMoRGB
_2psbo
801 1 _aRU
_bProSoft-M
_2rusmarc
852 _aNLR
_j18.69.1.629
899 _aRuMoRGB
_jB 19/720
899 _aRuMoRGB
_jКл 67/330
899 _aБАН
942 _cBOOK
980 _aNB